Ipuin antzeko alegi mingotsak... / (Record no. 130545)

MARC details
000 -LEADER
campo de control de longitud fija 00404nam a2200145 i 4500
001 - NÚMERO DE CONTROL
campo de control 130545
003 - IDENTIFICADOR DE NÚMERO DE CONTROL
campo de control ES-MaACL
007 - CAMPO FIJO DE DESCRIPCIÓN FÍSICA--INFORMACIÓN GENERAL
campo de control de longitud fija t|
008 - DATOS DE LONGITUD FIJA--INFORMACIÓN GENERAL
campo de control de longitud fija 070731s1975 sp ||||1| baq d
100 1# - ENTRADA PRINCIPAL--NOMBRE DE PERSONA
Nombre de persona Zárate, Mikel.
9 (RLIN) 118048
245 10 - MENCIÓN DEL TÍTULO
Título Ipuin antzeko alegi mingotsak... /
Mención de responsabilidad, etc. Mikel Zárate.
260 ## - PUBLICACIÓN, DISTRIBUCIÓN, ETC.
Lugar de publicación, distribución, etc. Durango :
Nombre del editor, distribuidor, etc. Leopoldo Zugaza,
Fecha de publicación, distribución, etc. [1975]
300 ## - DESCRIPCIÓN FÍSICA
Extensión 182 p. ;
Dimensiones 22 cm.
852 ## - LOCALIZACIÓN
Ubicación ES-MaACL
Número de control de estantería E-9951
Sublocalización o colección R.94259
Holdings
Estatus retirado Estado de pérdida Estado de daño No para préstamo Biblioteca de origen Biblioteca actual Ubicación en estantería Fecha de adquisición Fuente de adquisición Total de préstamos Signatura topográfica completa Código de barras Visto por última vez Precio de reemplazo Tipo de ítem Koha
        Biblioteca del Ateneo de Madrid Biblioteca del Ateneo de Madrid Depósito 2 17/01/2008     E-9951 1135923 23/02/2023 23/02/2023 Libro impreso